| 000 | 00970cam a22002651 4500 | ||
|---|---|---|---|
| 001 | sa 66006394 | ||
| 003 | DLC | ||
| 005 | 20260227112256.0 | ||
| 008 | 740820s1965 ii ab b 000 0 eng | ||
| 010 | _asa 66006394 | ||
| 025 | _aPL480:I-E-6171 | ||
| 035 | _a(OCoLC)983434 | ||
| 040 |
_aDLC _cTxFTC _dOCoLC _dDLC |
||
| 050 | 0 | 0 |
_aHD880.H9 _bA7 1965 |
| 082 | _a333.77 | ||
| 100 | 1 |
_aAlam, S. Manzoor _q(Shah Manzoor) |
|
| 245 | 1 | 0 |
_aHyderabad-Secunderabad, twin cities; _ba study in urban geography, _cby Shah Manzoor Alam. |
| 260 |
_aBombay, _aNew York, _bAllied Publishers _c[1965] |
||
| 300 |
_axiv, 159 p. _billus., maps (part fold.) _c25 cm. |
||
| 500 | _a"A slightly revised version of my thesis submitted at the University of Edinburgh for the degree of PH. D." | ||
| 500 | _a24 plates appended. | ||
| 504 | _aBibliography: p. [147]-156. | ||
| 651 | 0 |
_aHyderabad (India) _xDescription and travel. |
|
| 651 | 0 |
_aSecunderābād (India) _xDescription and travel. |
|
| 999 |
_c70499 _d70499 |
||